000
00316 a2200145 4500
001
169984
020
_a
040
_c
Magnum
100
_a
Colin, Claude
240
1
0
_a
Como falar de sexo com as criancas
_l
por
245
1
0
_a
Como falar de sexo com as criancas
362
0
_a
1899
697
_a
GERAL
942
_c
BK
999
_c
169984
_d
169984